00996nam a2200253 a 4500008004100000020003200041040002500073041001300098044001100111080002100122100002700143245012600170250001300296260006000309300006400369500005100433700002700484700002800511700002700539700003000566958000600596999001700602952012300619951121s1986||||[C 0 hun c c35 Kčs. q(29810 výtl.) aSNKbslocSNKeAACR21 aslohhun axocSK a809.451.1(075.4)1 aMussoniová, Ema4aut10aMaďarčina pre samoukovcEma Mussoniová, Ladislav Tankó, Andrej Kostolný ; Peter Galvánek, Dušan Polakovič a2., vyd. aBratislavabSPNc1986ePrešovfDuklianske tlačiarne a445 s., 27,30 AHb44 s. text. príl. Tb. Fot. Noty.c21 cm aLit. 18. 18 zázn. v slov., češ. a maď.1 aTankó, Ladislav4aut1 aKostolný, Andrej4aut1 aGalvánek, Peter4bkd1 aPolakovič, Dušan4bkd aA c19217d19217 00102udc40708Ka10000b10000d2019-11-29g35.00i17767l1oI 1424pI1424r2026-01-30s2026-01-12w2019-11-29yOLDO